Postavenie strednej a východnej Európy v projekte Novej hodvábnej cesty bakalárska práca

Gespeichert in:
Bibliographische Detailangaben
1. Verfasser: Záborská, Tereza
Körperschaft: Obchodná fakulta EU. Katedra medzinárodného obchodu
Weitere Verfasser: Družbacká, Barbora, 1995-
Format: Buch
Sprache:Slowakisch
Veröffentlicht: Bratislava 2022
Tags: Tag hinzufügen
Keine Tags, Fügen Sie das erste Tag hinzu!

MARC

LEADER 00000nbm a2200000 4500
001 0285743
005 20230113134057.5
041 0 |a slo 
044 |a SK 
245 1 0 |a Postavenie strednej a východnej Európy v projekte Novej hodvábnej cesty  |b bakalárska práca  |c Tereza Záborská ; školiteľ: Barbora Družbacká 
264 1 |a Bratislava  |c 2022 
300 |a 68 s. 
100 1 |a Záborská, Tereza 
700 1 |a Družbacká, Barbora, 1995- 
710 2 |a Obchodná fakulta EU. Katedra medzinárodného obchodu